000 00507nam a2200157 i 4500
001 26693
003 ES-MaACL
005 20230906153502.0
007 t|
008 030110s1929 sp ||||1| spa d
110 0 _aInstituto Nacional de Previsión (España)
_95180
245 1 0 _aAsamblea del Instituto Nacional de Previsión y sus Cajas colaboradoras
_b: (Barcelona, junio 1929).
260 _aMadrid :
_b[s.n.],
_c1929 (
_fSucs. de M. Minuesa)
300 _a98 p. ;
_c22 cm.
852 _aES-MaACL
_j1734-F-11
999 _c26693
_d26693